| 000 | 00494nam a2200181Ia 4500 | ||
|---|---|---|---|
| 001 | 20714 | ||
| 005 | 20260306172826.0 | ||
| 008 | 260306t2012||||xx |||||||||||||| ||spa|| | ||
| 041 | _aESP | ||
| 082 |
_a343.7 _bG312B |
||
| 100 |
_aCapcha Reymundo, Blanca _eAUT |
||
| 245 | 0 | _aEstudios sobre los medios impugnatorios en los procedimientos administrativos y tributarios | |
| 260 | _c2012 | ||
| 300 |
_a383 páginas : _c25 cm. |
||
| 650 | _aGEN | ||
| 654 | _aCDE | ||
| 942 |
_cLIB _dJUS _fJUS _2ddc _n |
||
| 999 |
_c20714 _d20714 |
||